Statistiques concernant Les pokémon de type poison (avec types indiqués)

Cliquez ici pour prendre le quiz!

Statistiques générales

  • Ce quiz a été pris 1 388 fois
  • Le résultat moyen est 48 sur 59

Statistiques - réponses

GénérationType(s)N°NationalPokémon% Correct
1èrePlante Poison1Bulbizarre
97%
1èrePlante Poison3Florizarre
97%
1èrePlante Poison2Herbizarre
97%
1èreInsecte Poison13Aspicot
96%
1èreInsecte Poison14Coconfort
96%
1èreInsecte Poison15Dardargnan
95%
1èreSpectre Poison94Ectoplasma
95%
1èreSpectre Poison92Fantominus
95%
1èreSpectre Poison93Spectrum
95%
1èrePlante Poison43Mystherbe
93%
1èrePlante Poison44Ortide
93%
1èrePoison23Abo
92%
1èrePoison24Arbok
92%
1èrePlante Poison45Rafflesia
92%
1èrePoison109Smogo
92%
1èrePoison110Smogogo
92%
1èrePlante Poison70Boustiflor
90%
1èrePlante Poison69Chetiflor
90%
1èrePoison Sol34Nidoking
90%
1èrePoison29Nidoran femelle
90%
1èrePoison32Nidoran male
90%
1èrePoison30Nidorina
90%
1èrePoison33Nidorino
90%
1èrePlante Poison71Empiflor
89%
1èrePoison89Grotadmorv
89%
1èrePoison Sol31Nidoqueen
89%
1èrePoison Vol42Nosferalto
89%
1èrePoison Vol41Nosferapti
89%
1èrePoison88Tadmorv
89%
1èreEau Poison72Tentacool
89%
1èreEau Poison73Tentacruel
89%
1èreInsecte Poison49Aeromite
87%
1èreInsecte Poison48Mimitoss
87%
2èmePoison Vol169Nostenfer
85%
4èmePoison Combat454Coatox
80%
4èmePoison Combat453Cradopaud
79%
4èmePoison Tenebres452Drascore
75%
2èmeInsecte Poison168Migalos
74%
2èmeInsecte Poison167Mimigal
74%
3èmeInsecte Poison269Papinox
74%
4èmePoison Insecte451Rapion
73%
3èmePlante Poison315Roselia
73%
2èmeEau Poison211Qwilfish
72%
4èmePlante Poison407Roserade
72%
5èmeInsecte Poison544Scobolide
72%
5èmeInsecte Poison543Venipatte
72%
5èmeInsecte Poison545Brutapode
71%
6èmePoison Dragon691Kravarech
71%
4èmePlante Poison406Rozbouton
70%
6èmePoison Eau690Venalgue
68%
4èmePoison Tenebres435Moufflair
67%
4èmePoison Tenebres434Moufouette
67%
5èmePoison569Miasmax
64%
3èmePoison317Avaltout
62%
3èmePoison316Gloupti
61%
5èmePoison568Miamiasme
60%
3èmePoison336Seviper
60%
5èmePlante Poison591Gaulet
48%
5èmePlante Poison590Trompignon
47%

Distribution des résultats

Percentile par nombre de réponses

% des personnes avec chaque résultat

Votre développement - résultats

Vous n’avez pas pris ce quiz